Statistics for Age of Empires II : The Wonders

Click here to take the quiz!

General Stats

  • This quiz has been taken 3 times
  • The average score is 7 of 39

Answer Stats

Answer% Correct
Hagia Sophia
100%
Angkor Wat
67%
Tikal Temple I
67%
Torre del Oro
67%
Arch of Constantine
33%
Belém Tower
33%
Brussels Town Hall
33%
Great Mosque of Samarra
33%
Great Pyramid of Tenochtitlan
33%
Mausoleum of Theoderic I
33%
Monreale Cathedral
33%
Selimiye Mosque
33%
Temple of the Sun at Machu Picchu
33%
Trakai Island Castle
33%
Wawel Cathedral
33%
Biete Amanuel
0%
Borgund Stave Church
0%
Brihadeeswarar Temple
0%
Bút Tháp
0%
Chichester Cathedral
0%
Corvin Castle
0%
Genoa Cathedral of Saint Lawrence
0%
Great Mosque of Djenné
0%
Great Tent of Genghis Khan
0%
Hassan Tower
0%
Hwangnyong Temple
0%
Kalasan Temple
0%
Kizhi Pogost
0%
Maria Laach Abbey
0%
Powder Tower of Prague
0%
Preslav Round Church
0%
Rock of Cashel
0%
Saint Vitus Cathedral
0%
Sarkel Fortress
0%
Shwezigon Pagoda
0%
Taq Kasra
0%
Temple of Heaven
0%
Tōdai-Ji
0%
Ulugh Beg Observatory
0%

Score Distribution

Percentile by Number Answered

Percent of People with Each Score

Your Score History

You have not taken this quiz